Normal view
MARC view
- غرايبة ، محمد فهد محمد
Entry Personal Name
001 - CONTROL NUMBER
- control field: 49896
003 - CONTROL NUMBER IDENTIFIER
- control field: JO-AjAnu
005 - DATE AND TIME OF LATEST TRANSACTION
- control field: 20230606082223.0
008 - FIXED-LENGTH DATA ELEMENTS
- fixed length control field: 230606|| aca||aabn | a|a d
040 ## - CATALOGING SOURCE
- Original cataloging agency: JO-AjAnu
- Transcribing agency: JO-AjAnu
100 ## - HEADING--PERSONAL NAME
- Personal name: غرايبة ، محمد فهد محمد
670 ## - SOURCE DATA FOUND
- Source citation: Work cat.: (JO-AjAnu)25513: غرايبة ، محمد فهد محمد, author, الدعوى القضائية والخصومة فيها " دراسة مقارنة بين الفقة والقانون "